Normal view
MARC view
Entry Personal Name
001 - CONTROL NUMBER
- control field: 165458
003 - CONTROL NUMBER IDENTIFIER
- control field: OSt
005 - DATE AND TIME OF LATEST TRANSACTION
- control field: 20220923221548.0
008 - FIXED-LENGTH DATA ELEMENTS
- fixed length control field: 220923|| aca||aabn | a|a d
040 ## - CATALOGING SOURCE
- Original cataloging agency: OSt
- Transcribing agency: OSt
100 ## - HEADING--PERSONAL NAME
- Personal name: रेड्डी, जी0 सुन्दर
670 ## - SOURCE DATA FOUND
- Source citation: Work cat.: (OSt)350086: रेड्डी, जी0 सुन्दर, हिन्दी तथा द्रविड़ भाषाओें के समानरुपी भिन्नार्थी शब्द, 1974
